000 00718nam a2200253 i 4500
003 DO-SdBNP
005 20241015091711.0
007 ta
008 240415s2016 dr 000 p spa d
020 _a9788416762460
040 _aDO-SdBNP
_bspa
_cBNPHU
_erda
082 _bP438c
_222
100 _aPérez, Luis Reynaldo,
_d1980-
_eautor
_973014
245 1 3 _aLuis Reynaldo Pére /
_cCiudad que alucino
264 _aMadrid :
_bAmargo Ediciones
_c2016
300 _a84 páginas
_c22 cm.
336 _2rdacontent
_atexto
_btxt
337 _2rdamedia
_asin mediación
_bn
338 _2rdacarrier
_avolumen
_bnc
490 _aAutores Dominicanos
590 _aInventariado, 2024 / DG
910 _aDG
942 _2ddc
_cLBS1
999 _c57860
_d57860